000 00578nam a2200217 i 4500
001 C2-0092129
003 PPAK
005 20180727092657.0
008 970512s1987 my |||| ||||| | may d
040 _aPPAK
_beng
_cPPAK
_erda
082 0 4 _a899.23301
_223
090 0 0 _a899.23301
_bSAY
_dG
245 0 0 _aSayembara VI
264 1 _aKuala Lumpur :
_bDewan Bahasa dan Pustaka ,
_c1987
300 _avi, 128 pages ;
_c21 cm
336 _2rdacontent
_atext
337 _2rdamedia
_aunmediated
338 _2rdacarrier
_avolume
650 1 0 _aShort stories, Malay
942 _ddc
_cB
999 _c19695
_d19695